MDQL
is popping MORE tags! Check the
thread
!
Quizzes
Events
Quiz Creation
Community
Videos
Private Events
Remove Ads
Sign In
Join for FREE
Feedback
Dark Mode
Quiz Categories
Sports
Geography
Music
Movies
Television
Just For Fun
Miscellaneous
History
Literature
Language
Science
Gaming
Entertainment
Religion
Holiday
For Kids
Quiz Lab
Recent
Popular Today
Quiz Kudos Today
Editor Picks
Curator Picks
Quizzes by...
Day
Popularity
Type
Ratings
Length
Year
Community
Subscriptions
Recent Discussions
Orange Saloon
Badges
Playlists
Quests
Create
Leaderboards
Showdown
Live 5
Trivia Bingo
Activity
Puzzle Library
Sporcle Events
Private Events
Virtual Trivia
Globe League
Become a Host
Pub Owners
SporcleCon
Opinionation
Our Games
Videos
Blog
Mobile Apps
Partnerships
Remove Ads and Go Orange
Feedback
Miscellaneous
Crossword
General Knowledge
Baby Names
Logo
Food
Cars
Numbers
Grab Bag
University
College
Popular
Company
Slogans
Restaurants
Justice
Letter
Miscellaneous
Crossword
General Knowledge
Baby Names
Logo
Food
Cars
Numbers
Grab Bag
University
College
Popular
Company
Slogans
Restaurants
Justice
Letter
Random Quiz
Search Sporcle
×
Quiz Lab
Quiz Lab
Miscellaneous
Anime
Type in answers that appear in a list
Type in answers that appear in a list
Classic
Best Score? Go Orange.
Guest the anime's music and the anime's picture Stats
Can you guest the anime's music and the anime's picture?
By
marguerittejonat
10m
40 Questions
599 Plays
599 Plays
599 Plays
Comments
Comments
Give Quiz Kudos
Give Quiz Kudos
-
- Ratings
hide this ad
Forced Order
Answers have to be entered in order
Answers have to be entered in order
Replay
Link that replays current quiz
Next Quiz
Link to next quiz in quiz playlist
You Got
0%
They Got
Avg Score
40%
Avg Friend Score
Upgrade to see
Score Distribution
Jump to the score distribution portion of the page
Score
0/40
Timer
10:00
0
Plays Today
Song/picture
Answer
% Correct
Picture 01
Fairy tail
97.5%
Picture 03
sailor moon
95.8%
Picture 04
fullmetal alchemist
94%
song 02
Shingeki no kyojin
92.1%
Picture 05
ouran high school host club
85.4%
Picture 15
durarara
82.1%
song 05
One punch man
80.9%
Picture 02
nana
75.5%
Picture 09
kill la kill
71.2%
Picture 10
d.gray-man
66.7%
song 04
No game no life
61.6%
song 10
boku no hero academia
55.3%
Picture 06
Kateikyoshi hitman reborn
54.3%
song 07
beck
47.2%
Picture 07
hunter x hunter
45.2%
Picture 08
darker than black
43.4%
song 01
One piece
41.9%
Picture 13
slayers
41.7%
Picture 14
noragami
40%
Picture 11
Mahou Shoujo Lyrical Nanoha
31.3%
Song/picture
Answer
% Correct
song 09
hibike euphomium
26.6%
song 03
Gintama
25.8%
song 14
jojo's bizarre adventure
24.1%
song 08
Naruto
22.4%
song 13
golden time
22.4%
song 06
bleach
21.8%
song 12
love live
20.9%
Picture 17
Toki wo Kakeru Shoujo
18.9%
Picture 20
suisei no gargantia
18.3%
Picture 12
yakitate japan
17.4%
song 11
joshiraku
13.7%
Picture 18
Taiho Shichau zo
10.7%
song 17
Meitantei conan
10.1%
Picture 19
Yondemasu yo, Azazel-san
10.1%
Picture 16
vividred operation
9.5%
song 19
kara no kyoukai
9%
song 20
tsubasa reservoir chronicle
5.5%
song 16
Cross Ange
4.5%
song 15
heroic age
3%
song 18
king gainer
2%
Quiz Playlist
Details
Report
Send in Message
Add To Playlist
Classic:
Type in answers that appear in a list
Forced Order:
Answers have to be entered in order
Last Updated: Feb 16, 2017
Quiz Scoreboard
CHALLENGE
Sign Up to Join the Scoreboard
Show All
Scores
Hide
Comments
May contain spoilers
Recently Published
1-10 Letter E Words III
by El_Dandy
Language
2m
Street Fighter Characters
by Artimus82
Gaming
60s
College Basketball Coaching Resumes
by pancakes188
Sports
9m
More to Explore
Quiz From the Vault
Featured Blog Post
Where Did the Easter Bunny Come From?
hide this ad
You Might Also Like...
Tags
Anime Quiz
Manga
Today's Top Quizzes in Miscellaneous
Browse Miscellaneous
hide this ad
Today's Top Quizzes in Anime
Browse Anime
Top Contributed Quizzes in Miscellaneous
1
5-to-1: Fast Food
2
The JOE quick-fire general knowledge quiz: Day 174
3
The JOE quick-fire general knowledge quiz: Day 173
4
5-to-1: Cocktails
5
The JOE quick-fire general knowledge quiz: Day 172
6
9x9 Crossword: Disney Movie Titles
7
9x9 Crossword: Charlie and the Chocolate Factory
8
Sunday Crossword: Famous Bodies of Water
9
The JOE quick-fire general knowledge quiz: Day 171
10
9x9 Crossword: Flags
Explore More
Trending Topics
Anime
NBA
Kpop
Harry Potter
Disney
Crossword
Marvel
Song
WWE
Pokémon
NFL
Country
Soccer
Puzzle
The Office
hide this ad
More By:
marguerittejonat
Quiz
Plays
Rating
Category
Featured
Created
Anime kyoto Animation
746
1.00
Miscellaneous
Sep 17, 2015
Find all ecchi animes by his opening
702
3.20
Miscellaneous
Oct 12, 2015
guest the anime's music and the anime's picture
599
4.50
Miscellaneous
Jul 9, 2016
1 boy 2 answers (anime and character)
465
4.00
Miscellaneous
Nov 7, 2015
Quizz uniform school anime 1
405
3.67
Miscellaneous
Sep 17, 2015
Go to Creator's Profile
Score Distribution
Quiz Creator Spotlight
marguerittejonat
Follow
Send a Message
Quizzes Created
-
Created Quiz Play Count
-
More By This Creator
Popular Quizzes Today
1
Find the US States - No Outlines Minefield
2
Find the Countries of Europe - No Outlines Minefield
3
The Countries of the World
4
Find the US States
5
Risky Map Clicking: Biggest States A-Z
6
US States
7
Popular People in 1961
8
Movies - When Are They Set?
More Miscellaneous Quizzes
The Dead Quiz
Published
Trending Quizzes
Risky Map Clicking: Least Populous States A-Z
Billboard Blitz: Aretha Franklin
1-10 Letter G Words
Countries of the World: 200 Million BC
1-10 Letter F Words
Recently Updated
Leaping Animals
pecheneg
Reality TV Shows (A-Z)
bhenderson79
Rickey Henderson's Hall of Fame Teammates
pecheneg
Champions League XIs: Arsenal
pecheneg
Quick Pick: Celebrities in WWE's Hall of Fame
aduchscher
A-Z Keypad Blitz II
pecheneg
Multiple Oscar Actors
pecheneg
Mystery Phrase Blitz: Oscar 'Best Actors'
pecheneg
F. Scott Fitzgerald Novels
LTH
Pick 3 Villains
ddd62291
Trending Topics
Anime
Disney
Harry Potter
NBA
Crossword
Marvel
Kpop
The Office
Pokémon
Song
WWE
Soccer
Country
Puzzle
NFL
Your Account Isn't Verified!
In order to create a playlist on Sporcle, you need to verify the email address you used during registration. Go to your
Sporcle Settings
to finish the process.
Report this User
Report this user for behavior that violates our
Community Guidelines
.
Details:
Send Report
Go to the Sporcle.com Mobile Site →
Comments